000 00451nam a2200193Ia 4500
008 151119s9999||||xx |||||||||||||| ||und||
082 _a820
082 _bGKKV22580
100 _aENID BLYTON
245 _aPUZZLE FOR THE SECRET SEVEN
260 _a--
260 _b--
260 _c0
600 _aENID BLYTON
630 _aPUZZLE FOR THE SECRET SEVEN
700 _aENID BLYTON
730 _aPUZZLE FOR THE SECRET SEVEN
942 _cBOOK
999 _c1075308
_d1075305